LEADER 01059nam0-22002891i-450- 001 990005458650403321 005 20070302114509.0 035 $a000545865 035 $aFED01000545865 035 $a(Aleph)000545865FED01 035 $a000545865 100 $a19990604d1971----km-y0itay50------ba 101 0 $afre 105 $ay-------001yy 200 1 $a<>abolition de la fčodalité dans le monde occidental$e[Actes du Colloque International, Toulouse 12-16 novembre 1968] 210 $aParis$cCentre National de la Recherche Scientifique$d1971 215 $a2 v.$d24 cm 225 1 $aColloques internationaux du Centre national de la recherche scientifique$iSciences humaines$v532 676 $a940.252$v21$zita 710 02$aCentre national de la recherche scientifique$c$0214149 801 0$aIT$bUNINA$gRICA$2UNIMARC 901 $aBK 912 $a990005458650403321 952 $a940.25 CNRS 1 (1-2)$bST.MED.MOD.6427-6428$fFLFBC 959 $aFLFBC 996 $aAbolition de la fčodalité dans le monde occidental$9486216 997 $aUNINA LEADER 01260nam0-22003851i-450- 001 990004568490403321 005 20151110083856.0 035 $a000456849 035 $aFED01000456849 035 $a(Aleph)000456849FED01 035 $a000456849 100 $a19990604d1963----km-y0itay50------ba 101 0 $afre$alat 102 $aCH 105 $aa-------00--- 200 1 $aDe Resurrectione$e(Epistula ad Rheginum) codex Jung F. XXIIr-F.XXVv (p.43-50)$fediderunt Michel Malinine, Henri-Charles Puech, Gilles Quispel$gadiuuantibus R. Mcl. Wilson, Jan Zandee 210 $aZürich$aStuttgart$cRascher$d1963 215 $aXXXIV, 72 p., 8 c. di tav.$cill.$d32 cm 300 $aPatrologia. Generalitŕ - Gnosi ed eresie dei primi secoli - Nag Hammadi 610 0 $aPapiri di Nag Hammadi 610 0 $aGnosticismo - Storia - Fonti 676 $a262.8 676 $a273.1 702 1$aMalinine,$bMichel 702 1$aPuech,$bHenri-Charles$f<1902-1986> 702 1$aQuispel,$bGilles 702 1$aTill,$bWalter 702 1$aZandee,$bJan 801 0$aIT$bUNINA$gRICA$2UNIMARC 901 $aBK 912 $a990004568490403321 952 $a262.8 MAL 1$bBibl. 39677$fFLFBC 959 $aFLFBC 996 $aDe RESURRECTIONE$9548568 997 $aUNINA LEADER 01512nam 2200409 450 001 000015629 005 20050718115600.0 010 $a3-540-08894-6 100 $a20030730d1978----km-y0itay0103----ba 101 0 $aeng 102 $aDE 200 1 $aBounded integral operators on L[^2] spaces$fP. R. Halmos, V. S. Sunder 210 $aBerlin [etc.]$cSpringer$d1978 215 $aXV, 134 p.$d25 cm. 225 2 $aErgebnisse der Mathematik und ihrer Grenzgebiete$v96 410 0$12001$aErgebnisse der Mathematik und ihrer Grenzgebiete 606 $aOperatori$xTeoria 606 $aEquazioni integrali 676 $a515.723$v(21. ed.)$9Analisi. Trasformate (Operatori integrali) 691 $a47-02$9Operator theory. Research exposition 691 $a45-02$9Integral equations. Research exposition 700 1$aHalmos,$bPaul Richard$022815 701 1$aSunder,$bViakalathur Shankar$060843 801 0$aIT$bUniversitŕ della Basilicata - B.I.A.$gRICA$2unimarc 912 $a000015629 996 $aBounded integral operators on L spaces$982617 997 $aUNIBAS BAS $aMONSCI BAS $aSCIENZE CAT $aEXT002$b01$c20030730$lBAS01$h1806 CAT $c20050601$lBAS01$h1755 CAT $abatch$b01$c20050718$lBAS01$h1052 CAT $c20050718$lBAS01$h1111 CAT $c20050718$lBAS01$h1142 CAT $c20050718$lBAS01$h1156 FMT Z30 -1$lBAS01$LBAS01$mBOOK$1BASA2$APolo Tecnico-Scientifico$2GEN$BCollezione generale$3MAT$662742$5S62742$820030730$f51$FRiservati